[Event "45th Olympiad Budapest 2024"]
[Site "Budapest"]
[Date "2024.09.13"]
[Round "3"]
[Board "1"]
[White "Efroimski, Marsel"]
[Black "Osmak, Yuliia"]
[Result "1/2-1/2"]
[WhiteElo "2408"]
[BlackElo "2471"]
[PlyCount "199"]
[EventDate "2024.09.11"]
[EventType "team-tourn"]
[EventRounds "11"]
[EventCountry "HUN"]
[WhiteTeam "Israel"]
[BlackTeam "Ukraine"]
[WhiteTeamCountry "ISR"]
[BlackTeamCountry "UKR"]

1. e4 {[%emt 0:00:02]} c5 {[%emt 0:00:07]} 2. c3 {[%emt 0:00:23]} d5 {[%emt 0:00:13]} 3. exd5 {[%emt 0:00:04]} Qxd5 {[%emt 0:00:04]} 4. d4 {[%emt 0:00:07]} Nf6 {[%emt 0:00:13]} 5. Nf3 {[%emt 0:00:05]} e6 {[%emt 0:00:06]} 6. Na3 {[%emt 0:00:11]} a6 {[%emt 0:01:47]} 7. Nc4 {[%emt 0:00:05]} Nbd7 {[%emt 0:00:09]} 8. Be2 {[%emt 0:00:05]} b5 {[%emt 0:01:51]} 9. Ne3 {[%emt 0:00:09]} Qc6 {[%emt 0:00:48]} 10. a4 {[%emt 0:00:07]} Bb7 {[%emt 0:04:53]} 11. axb5 {[%emt 0:00:07]} axb5 {[%emt 0:00:04]} 12. Rxa8+ {[%emt 0:00:04]} Bxa8 {[%emt 0:00:04]} 13. dxc5 {[%emt 0:00:04]} Bxc5 {[%emt 0:03:16]} 14. Nd4 {[%emt 0:00:20]} Bxd4 {[%emt 0:01:25]} 15. Qxd4 {[%emt 0:02:37]} O-O {[%emt 0:00:30]} 16. O-O {[%emt 0:05:32]} Rb8 $146 {[%emt 0:05:36]} ({RR} 16... Nd5 17. Nxd5 exd5 18. Bf3 Nb6 19. Rd1 Re8 20. h3 h6 21. b3 Qc7 22. Be3 Nc8 23. Bxd5 Bxd5 24. Qxd5 Ne7 25. Qxb5 Rc8 26. c4 Nf5 27. Qxf5 {1-0 Haug,H (2309)-Gatterer,F (2170) Titled Tue 26th Dec Early 2023 (1)}) ({RR} 16... h6 17. b3 Rc8 18. Bb2 Nc5 19. Qb4 Nd5 20. Nxd5 Qxd5 21. Bf3 Qxb3 22. Bxa8 Rxa8 23. Qxc5 Qxb2 24. g3 Rd8 25. c4 bxc4 26. Qxc4 g6 27. Qh4 Qd4 28. Qxh6 Rd5 29. Rc1 Rd8 30. h4 Qd2 31. Qxd2 {½-½ Adewumi,T (2315)-Lazavik,D (2578) Titled Tue 27th Aug Early 2024 (10)}) ({RR} 16... Rc8 17. Rd1 h6 18. Qb4 Rb8 19. Rd6 Qc7 20. Rd4 Ne5 21. Rh4 Nc6 22. Qc5 Qa5 23. Ng4 Nxg4 24. Rxg4 Qa1 25. Qe3 Kh8 26. h3 Ne7 27. Qf4 Rf8 28. Kh2 Nd5 29. Qd4 e5 30. Qxe5 f6 31. Qd6 {1-0 Adewumi,T (2302)-Gabdrakhmanov,A (2319) Titled Tuesday intern op 09th Aug Early blitz 2022 (6)}) 17. Rd1 {[%emt 0:03:29]} h6 {[%emt 0:03:28]} 18. Qa7 {[%emt 0:15:58]} Qc8 {[%emt 0:17:35]} 19. Nc2 {[%emt 0:12:03]} Bd5 {[%emt 0:08:06]} 20. Nb4 {[%emt 0:03:54]} Bc4 {[%emt 0:17:30]} 21. Bf3 {[%emt 0:05:31]} Ne5 {[%emt 0:00:17]} 22. Bc6 {[%emt 0:00:54]} Kh7 {[%emt 0:07:23]} 23. Qc5 {[%emt 0:19:16]} Bd5 {[%emt 0:12:56]} 24. Bf4 {[%emt 0:01:37]} Ne4 {[%emt 0:05:40]} 25. Qe3 {[%emt 0:05:21]} Nxc6 {[%emt 0:06:09]} 26. Nxd5 {[%emt 0:00:38]} exd5 {[%emt 0:00:05]} 27. Bxb8 {[%emt 0:00:46]} Nxb8 {[%emt 0:00:54]} 28. Rxd5 {[%emt 0:00:33]} Nf6 {[%emt 0:01:45]} 29. Qd3+ {[%emt 0:01:22]} g6 {[%emt 0:00:04]} 30. Rxb5 {[%emt 0:01:13]} Nbd7 {[%emt 0:01:14]} 31. h3 {[%emt 0:01:14]} Qa6 {[%emt 0:00:45]} 32. c4 {[%emt 0:00:52]} Qe6 {[%emt 0:00:20]} 33. Qd4 {[%emt 0:01:16]} Qe1+ {[%emt 0:00:59]} 34. Kh2 {[%emt 0:00:05]} Qe6 {[%emt 0:00:37]} 35. b4 {[%emt 0:01:25]} g5 {[%emt 0:00:27]} 36. f3 {[%emt 0:03:39]} Kg7 {[%emt 0:00:30]} 37. Ra5 {[%emt 0:03:34]} Qe1 {[%emt 0:00:26]} 38. c5 {[%emt 0:02:37]} Ne5 {[%emt 0:00:22]} 39. Ra3 {[%emt 0:03:49]} Nc6 {[%emt 0:00:33]} 40. Qc3 {[%emt 0:00:28]} Qxc3 {[%emt 0:00:27]} 41. Rxc3 Nd5 {[%emt 0:00:29]} 42. Rd3 {[%emt 0:00:44]} Ncxb4 {[%emt 0:02:42]} 43. Rd4 {[%emt 0:00:11]} Kf6 {[%emt 0:02:35]} 44. c6 {[%emt 0:08:47]} Ke7 {[%emt 0:00:32]} 45. c7 {[%emt 0:00:53]} Kd7 {[%emt 0:00:02]} 46. Rc4 {[%emt 0:00:22]} Kc8 {[%emt 0:00:04]} 47. h4 {[%emt 0:01:45]} f6 {[%emt 0:01:16]} 48. Re4 {[%emt 0:03:15]} Kxc7 {[%emt 0:00:41]} 49. Re8 {[%emt 0:00:10]} gxh4 {[%emt 0:05:02]} 50. Rh8 {[%emt 0:01:07]} Kd6 {[%emt 0:01:13]} 51. Rxh6 {[%emt 0:00:08]} Ke6 {[%emt 0:00:15]} 52. Rxh4 {[%emt 0:00:14]} Nc6 {[%emt 0:00:08]} 53. Re4+ {[%emt 0:00:19]} Ne5 {[%emt 0:01:37]} 54. Ra4 {[%emt 0:01:17]} Ne3 {[%emt 0:02:29]} 55. Ra6+ {[%emt 0:00:38]} Kf5 {[%emt 0:00:13]} 56. g4+ {[%emt 0:02:10]} N3xg4+ {[%emt 0:00:52]} 57. fxg4+ {[%emt 0:00:06]} Nxg4+ {[%emt 0:00:03]} 58. Kg3 {[%emt 0:00:07]} Ne5 {[%emt 0:00:05]} 59. Kh4 {[%emt 0:01:09]} Kg6 {[%emt 0:00:58]} 60. Rb6 {[%emt 0:00:24]} Nc4 {[%emt 0:00:08]} 61. Rb1 {[%emt 0:00:49]} Ne5 {[%emt 0:00:14]} 62. Rf1 {[%emt 0:00:18]} Nc4 {[%emt 0:01:57]} 63. Rg1+ {[%emt 0:00:40]} Kf5 {[%emt 0:00:09]} 64. Kh5 {[%emt 0:00:05]} Ne5 {[%emt 0:00:11]} 65. Rf1+ {[%emt 0:00:06]} Ke6 {[%emt 0:00:04]} 66. Kh6 {[%emt 0:00:11]} Kf7 {[%emt 0:01:42]} 67. Kh7 {[%emt 0:00:16]} Nc6 {[%emt 0:01:16]} 68. Rf4 {[%emt 0:00:22]} Ne7 {[%emt 0:02:06]} 69. Kh6 {[%emt 0:00:21]} Ng8+ {[%emt 0:00:15]} 70. Kh5 {[%emt 0:00:08]} Ne7 {[%emt 0:00:02]} 71. Ra4 {[%emt 0:00:21]} Nc6 {[%emt 0:01:08]} 72. Ra6 {[%emt 0:00:22]} Ne7 {[%emt 0:00:35]} 73. Kh6 {[%emt 0:00:34]} Ng8+ {[%emt 0:00:20]} 74. Kh7 {[%emt 0:00:07]} Ne7 {[%emt 0:00:01]} 75. Rb6 {[%emt 0:00:20]} Nf5 {[%emt 0:00:14]} 76. Rb7+ {[%emt 0:00:26]} Ne7 {[%emt 0:00:06]} 77. Kh6 {[%emt 0:00:17]} Kf8 {[%emt 0:00:07]} 78. Kh5 {[%emt 0:00:44]} Kf7 {[%emt 0:00:04]} 79. Kg4 {[%emt 0:00:04]} Ke6 {[%emt 0:00:09]} 80. Kf4 {[%emt 0:00:12]} Nd5+ {[%emt 0:00:57]} 81. Ke4 {[%emt 0:00:05]} Ne7 {[%emt 0:00:06]} 82. Kd4 {[%emt 0:00:19]} Nc6+ {[%emt 0:00:58]} 83. Ke4 {[%emt 0:00:16]} Ne7 {[%emt 0:00:05]} 84. Rb6+ {[%emt 0:00:05]} Kf7 {[%emt 0:00:05]} 85. Kd4 {[%emt 0:00:05]} Nf5+ {[%emt 0:00:16]} 86. Kd5 {[%emt 0:00:22]} Ne7+ {[%emt 0:00:14]} 87. Kc5 {[%emt 0:00:07]} Nf5 {[%emt 0:00:38]} 88. Ra6 {[%emt 0:00:11]} Ne7 {[%emt 0:00:14]} 89. Kd6 {[%emt 0:00:13]} Nf5+ {[%emt 0:00:08]} 90. Kd7 {[%emt 0:00:06]} Ne7 {[%emt 0:02:15]} 91. Rb6 {[%emt 0:01:10]} Nf5 {[%emt 0:00:08]} 92. Rb7 {[%emt 0:00:50]} Ng7 {[%emt 0:01:43]} 93. Kc6+ {[%emt 0:02:58]} Kg6 {[%emt 0:00:20]} 94. Kd5 {[%emt 0:00:08]} Nf5 {[%emt 0:00:31]} 95. Ra7 {[%emt 0:00:40]} Ng7 {[%emt 0:00:13]} 96. Ke4 {[%emt 0:00:10]} Ne6 {[%emt 0:00:12]} 97. Re7 {[%emt 0:00:12]} Ng7 {[%emt 0:00:36]} 98. Kf4 {[%emt 0:00:29]} Nh5+ {[%emt 0:00:20]} 99. Kg4 {[%emt 0:00:05]} Ng7 {[%emt 0:00:03]} 100. Ra7 {[%emt 0:02:20]} 1/2-1/2

[Event "45th Olympiad Budapest 2024"]
[Site "Budapest"]
[Date "2024.09.13"]
[Round "3"]
[Board "4"]
[White "Doluhanova, Evgeniya"]
[Black "Levitan, Ronit"]
[Result "1/2-1/2"]
[WhiteElo "2304"]
[BlackElo "2137"]
[PlyCount "128"]
[EventDate "2024.09.11"]
[EventType "team-tourn"]
[EventRounds "11"]
[EventCountry "HUN"]
[WhiteTeam "Ukraine"]
[BlackTeam "Israel"]
[WhiteTeamCountry "UKR"]
[BlackTeamCountry "ISR"]

1. e4 {[%emt 0:00:25]} e5 {[%emt 0:00:53]} 2. Nf3 {[%emt 0:01:01]} Nc6 {[%emt 0:00:12]} 3. d4 {[%emt 0:00:33]} exd4 {[%emt 0:01:11]} 4. Nxd4 {[%emt 0:00:21]} Nf6 {[%emt 0:00:15]} 5. Nxc6 {[%emt 0:00:14]} bxc6 {[%emt 0:00:08]} 6. Bd3 {[%emt 0:00:09]} d5 {[%emt 0:01:53]} 7. exd5 {[%emt 0:00:49]} cxd5 {[%emt 0:00:07]} 8. O-O {[%emt 0:00:29]} Be7 {[%emt 0:00:10]} 9. h3 {[%emt 0:03:24]} O-O {[%emt 0:00:35]} 10. Nc3 {[%emt 0:05:59]} ({RR} 10. Nd2 a5 11. Re1 Bb7 12. Nf3 Ne4 13. Be3 Bf6 14. c3 a4 15. a3 c5 16. Qc2 Qb6 17. Re2 Ba6 18. Ne1 h6 19. Rd1 Rfd8 20. Bxa6 Qxa6 21. Nd3 Qc4 22. Ree1 d4 23. Ne5 Bxe5 24. Qxe4 Bf6 {0-1 Jobava,B (2669)-Vallejo Pons,F (2705) ITA-chT 50th 2018 (5.1)}) 10... c6 {[%emt 0:04:07]} 11. Re1 {[%emt 0:05:07]} Bd6 $146 {[%emt 0:06:15]} ({RR} 11... h6 12. Bf4 Be6 13. Qf3 c5 14. Rad1 Re8 15. Be5 d4 16. Ne4 Nd5 17. Ng3 Bf6 18. Qe4 g6 19. Bxf6 Qxf6 20. Bb5 Red8 21. Bc6 Rab8 22. Rb1 Ne7 23. b3 h5 24. f4 Rd6 25. Ba4 Nd5 26. Rf1 {0-1 Prada Villagrasa,P (2022)-Rodriguez Rivero,J (2141) Titled Tue 20th Aug Late 2024 (5)}) ({RR} 11... Be6 12. Bf4 Bd6 13. Qd2 Rb8 14. b3 Rb4 15. Ne2 Nh5 16. Bxd6 Qxd6 17. c3 Rb7 18. Rac1 Qe7 19. Nd4 c5 20. Nf3 Qf6 21. Qg5 Qxg5 22. Nxg5 h6 23. Nxe6 fxe6 24. Rxe6 Nf4 25. Re3 Rbf7 26. Rc2 {½-½ Giede,A (1374)-Reyher,S (1644) GER-ch U16 Girls 2015 (2)}) ({RR} 11... Be6 12. Qf3 Nd7 13. Ne2 Bf6 14. Nf4 Re8 15. Nh5 g6 16. Nxf6+ Qxf6 17. Qxf6 Nxf6 18. Bf4 Nd7 19. b4 a5 20. a3 axb4 21. axb4 Nb6 22. Ra5 Nc4 23. Rc5 Ra6 24. Bxc4 dxc4 25. Rxc4 Rd8 26. Rc5 {½-½ Cagasik,T (2193)-Hodovsky,J (2120) CZE-chT1E 1516 2015 (11.5)}) 12. Qf3 {[%emt 0:03:50]} Rb8 {[%emt 0:01:15]} 13. b3 {[%emt 0:10:07]} Bb4 {[%emt 0:29:25]} 14. Bd2 {[%emt 0:05:05]} d4 {[%emt 0:01:37]} 15. Ne4 {[%emt 0:07:13]} Bxd2 {[%emt 0:06:09]} 16. Nxd2 {[%emt 0:00:07]} c5 {[%emt 0:01:31]} 17. Re5 {[%emt 0:06:05]} Qc7 {[%emt 0:08:28]} 18. Rae1 {[%emt 0:05:39]} Be6 {[%emt 0:03:20]} 19. Qg3 {[%emt 0:13:04]} h6 {[%emt 0:01:25]} 20. Bc4 {[%emt 0:20:16]} Bxc4 {[%emt 0:04:15]} 21. Nxc4 {[%emt 0:00:05]} Nd7 {[%emt 0:01:54]} 22. Rd5 {[%emt 0:01:47]} Qxg3 {[%emt 0:19:55]} 23. fxg3 {[%emt 0:00:08]} Nb6 {[%emt 0:00:32]} 24. Rxc5 {[%emt 0:00:48]} Nxc4 {[%emt 0:00:04]} 25. Rxc4 {[%emt 0:00:07]} Rfc8 {[%emt 0:00:14]} 26. Rxc8+ {[%emt 0:01:01]} Rxc8 {[%emt 0:00:04]} 27. Re2 {[%emt 0:00:09]} Rc3 {[%emt 0:01:05]} 28. Rd2 {[%emt 0:02:58]} Kf8 {[%emt 0:01:21]} 29. Rxd4 {[%emt 0:05:28]} Rxc2 {[%emt 0:00:08]} 30. Ra4 {[%emt 0:00:03]} Rc7 {[%emt 0:00:08]} 31. Re4 {[%emt 0:00:57]} Rc2 {[%emt 0:06:33]} 32. a4 {[%emt 0:00:40]} a5 {[%emt 0:00:07]} 33. Re3 {[%emt 0:00:51]} f6 {[%emt 0:00:18]} 34. g4 {[%emt 0:00:18]} Kf7 {[%emt 0:00:43]} 35. Kh2 {[%emt 0:00:29]} g5 {[%emt 0:00:26]} 36. Kg3 {[%emt 0:01:00]} Rd2 {[%emt 0:01:22]} 37. Kf3 {[%emt 0:00:31]} Rc2 {[%emt 0:00:06]} 38. g3 {[%emt 0:00:40]} Rh2 {[%emt 0:00:47]} 39. Rc3 {[%emt 0:00:29]} Ke6 {[%emt 0:00:33]} 40. Rc6+ {[%emt 0:00:25]} Ke7 {[%emt 0:00:13]} 41. Rb6 {[%emt 0:00:31]} Rc2 {[%emt 0:00:43]} 42. h4 {[%emt 0:12:34]} Rc3+ {[%emt 0:08:06]} 43. Kg2 {[%emt 0:01:14]} Rc2+ {[%emt 0:00:08]} 44. Kh3 {[%emt 0:00:52]} Rb2 {[%emt 0:08:38]} 45. Rb7+ {[%emt 0:00:24]} Ke6 {[%emt 0:00:19]} 46. h5 {[%emt 0:00:37]} Rc2 {[%emt 0:02:22]} 47. Rb5 {[%emt 0:05:57]} Rb2 {[%emt 0:00:52]} 48. Rxa5 {[%emt 0:02:05]} Rxb3 {[%emt 0:00:06]} 49. Ra6+ {[%emt 0:04:38]} Kf7 {[%emt 0:02:21]} 50. a5 {[%emt 0:06:10]} Ra3 {[%emt 0:02:21]} 51. Ra8 {[%emt 0:01:05]} Ra2 {[%emt 0:00:39]} 52. Ra7+ {[%emt 0:00:04]} Kg8 {[%emt 0:01:00]} 53. a6 {[%emt 0:00:27]} Kh8 {[%emt 0:00:13]} 54. Re7 {[%emt 0:00:56]} Rxa6 {[%emt 0:00:34]} 55. Kg2 {[%emt 0:00:04]} Kg8 {[%emt 0:00:44]} 56. Kf3 {[%emt 0:00:21]} Ra4 {[%emt 0:00:29]} 57. Rd7 {[%emt 0:00:25]} Rb4 {[%emt 0:00:16]} 58. Ra7 {[%emt 0:00:37]} Rc4 {[%emt 0:00:08]} 59. Ra6 {[%emt 0:00:53]} Kf7 {[%emt 0:00:14]} 60. Ra7+ {[%emt 0:00:07]} Kg8 {[%emt 0:00:14]} 61. Re7 {[%emt 0:00:24]} Ra4 {[%emt 0:00:13]} 62. Rd7 {[%emt 0:00:57]} Rb4 {[%emt 0:00:06]} 63. Re7 {[%emt 0:00:07]} Ra4 {[%emt 0:00:04]} 64. Rd7 {[%emt 0:01:01]} Rb4 {[%emt 0:00:07]} 1/2-1/2

[Event "45th Olympiad Budapest 2024"]
[Site "Budapest"]
[Date "2024.09.13"]
[Round "3"]
[Board "2"]
[White "Campos, Maria Jose"]
[Black "Fataliyeva, Ulviyya"]
[Result "1-0"]
[WhiteElo "2252"]
[BlackElo "2378"]
[PlyCount "117"]
[EventDate "2024.09.11"]
[EventType "team-tourn"]
[EventRounds "11"]
[EventCountry "HUN"]
[WhiteTeam "Argentina"]
[BlackTeam "Azerbaijan"]
[WhiteTeamCountry "ARG"]
[BlackTeamCountry "AZE"]

1. Nf3 {[%emt 0:00:10]} d5 {[%emt 0:00:04]} 2. c4 {[%emt 0:00:11]} e6 {[%emt 0:00:20]} 3. g3 {[%emt 0:02:32]} Nf6 {[%emt 0:00:04]} 4. Bg2 {[%emt 0:00:53]} Be7 {[%emt 0:00:04]} 5. O-O {[%emt 0:01:00]} O-O {[%emt 0:00:08]} 6. d4 {[%emt 0:00:42]} dxc4 {[%emt 0:00:11]} 7. Qc2 {[%emt 0:01:45]} a6 {[%emt 0:00:06]} 8. a4 {[%emt 0:01:01]} Bd7 {[%emt 0:00:09]} 9. Rd1 {[%emt 0:01:03]} Bc6 {[%emt 0:06:34]} 10. Bg5 {[%emt 0:02:25]} Nbd7 {[%emt 0:04:06]} 11. Nbd2 {[%emt 0:03:02]} h6 {[%emt 0:05:57]} 12. Bxf6 {[%emt 0:02:07]} Nxf6 {[%emt 0:00:24]} 13. Qxc4 {[%emt 0:04:24]} ({RR} 13. Nxc4 Be4 14. Qb3 a5 15. Nfe5 Bd5 16. Rac1 Re8 17. Qc2 c6 18. e4 Bxc4 19. Qxc4 Qb6 20. d5 cxd5 21. exd5 Bb4 22. dxe6 Rxe6 23. Nd7 Nxd7 24. Rxd7 Rf6 25. Rc2 Rd8 26. Rxd8+ Qxd8 27. Qc8 Rd6 {½-½ Grischuk,A (2742)-Adams,M (2751) Sharjah FIDE GP 2017 (7)}) ({RR} 13. Nxc4 Bd5 14. Nfe5 Bxg2 15. Kxg2 c6 16. a5 Qc7 17. e4 Rad8 18. f4 c5 19. Nb6 Bd6 20. Rac1 Qe7 21. Nf3 Ng4 22. Qe2 cxd4 23. Nxd4 Bc5 24. Rc4 Bxb6 25. axb6 Nf6 26. Nf3 Rc8 27. Rdc1 Rxc4 {0-1 Alonso Rosell,A (2562)-Lazavik,D (2572) Titled Tue 9th Apr Early 2024 (10)}) 13... Rc8 {[%emt 0:02:40]} 14. Qc2 {[%emt 0:07:56]} Bb4 {[%emt 0:03:22]} 15. Nb3 $146 {[%emt 0:13:52]} ({RR} 15. a5 Qe7 16. e4 Rfd8 17. Ne5 Bb5 18. Nb3 c5 19. dxc5 Rxd1+ 20. Rxd1 Bxc5 21. Nd3 Bxd3 22. Rxd3 Ng4 23. Nxc5 Rxc5 24. Rc3 Rxa5 25. Rc8+ Kh7 26. e5+ g6 27. Rc7 Qe8 28. Bxb7 Nxe5 29. Bc6 Qb8 {0-1 Donchenko,A (2636)-Giri,A (2764) World Rapid 2022 (3.6)}) 15... Be4 {[%emt 0:07:19]} 16. Qc4 {[%emt 0:04:37]} Qe7 {[%emt 0:01:40]} 17. Rac1 {[%emt 0:09:46]} b5 {[%emt 0:05:31]} 18. axb5 {[%emt 0:08:17]} axb5 {[%emt 0:02:11]} 19. Qxb5 {[%emt 0:00:46]} Rb8 {[%emt 0:00:48]} 20. Qa6 {[%emt 0:07:44]} Rb6 {[%emt 0:03:51]} 21. Qc4 {[%emt 0:01:59]} Bd5 {[%emt 0:00:28]} 22. Qd3 {[%emt 0:00:44]} Bxb3 {[%emt 0:01:34]} 23. Qxb3 {[%emt 0:00:08]} Bd2 {[%emt 0:00:13]} 24. Qxb6 {[%emt 0:02:39]} cxb6 {[%emt 0:01:16]} 25. Rxd2 {[%emt 0:00:12]} b5 {[%emt 0:22:59]} 26. Ne5 {[%emt 0:06:17]} Qb4 {[%emt 0:00:35]} 27. Rcc2 {[%emt 0:04:19]} Qa4 {[%emt 0:02:04]} 28. Bf3 {[%emt 0:03:49]} b4 {[%emt 0:03:05]} 29. Kg2 {[%emt 0:02:56]} Nd5 {[%emt 0:02:31]} 30. Rc5 {[%emt 0:02:06]} Qa1 {[%emt 0:02:37]} 31. Nd3 {[%emt 0:01:22]} b3 {[%emt 0:02:35]} 32. e4 {[%emt 0:02:15]} Nf6 {[%emt 0:00:44]} 33. Rc3 {[%emt 0:00:46]} Rb8 {[%emt 0:06:49]} 34. d5 {[%emt 0:01:31]} exd5 {[%emt 0:05:22]} 35. exd5 {[%emt 0:00:11]} g5 {[%emt 0:01:34]} 36. h3 {[%emt 0:00:31]} h5 {[%emt 0:00:11]} 37. d6 {[%emt 0:00:55]} g4 {[%emt 0:00:32]} 38. hxg4 {[%emt 0:00:06]} hxg4 {[%emt 0:00:03]} 39. Bc6 {[%emt 0:00:18]} Kg7 {[%emt 0:00:41]} 40. d7 {[%emt 0:00:41]} Rh8 {[%emt 0:01:33]} 41. Nc1 {[%emt 0:00:18]} Qa5 {[%emt 0:03:20]} 42. Nxb3 {[%emt 0:01:28]} Qh5 {[%emt 0:00:57]} 43. Kf1 {[%emt 0:03:59]} Rd8 {[%emt 0:01:02]} 44. Nc5 {[%emt 0:04:47]} Qf5 {[%emt 0:00:51]} 45. Rdd3 {[%emt 0:03:12]} Qh7 {[%emt 0:13:42]} 46. b4 {[%emt 0:03:37]} Qh3+ {[%emt 0:01:15]} 47. Kg1 {[%emt 0:00:57]} Nxd7 {[%emt 0:02:39]} 48. Rxd7 {[%emt 0:02:47]} Re8 {[%emt 0:00:59]} 49. Rd1 {[%emt 0:01:06]} Re2 {[%emt 0:00:14]} 50. Rc4 {[%emt 0:01:16]} Qh5 {[%emt 0:01:17]} 51. Nd3 {[%emt 0:02:13]} Qf5 {[%emt 0:00:59]} 52. Nf4 {[%emt 0:01:23]} Rb2 {[%emt 0:01:19]} 53. Rc5 {[%emt 0:01:57]} Qc8 {[%emt 0:01:04]} 54. Nh5+ {[%emt 0:01:45]} Kh8 {[%emt 0:00:19]} 55. Re1 {[%emt 0:01:20]} Qa6 {[%emt 0:00:29]} 56. Re8+ {[%emt 0:00:50]} Kh7 57. Be4+ {[%emt 0:00:13]} f5 {[%emt 0:00:04]} 58. Bxf5+ {[%emt 0:00:12]} Kh6 {[%emt 0:00:01]} 59. Rh8+ {[%emt 0:00:17]} 1-0

[Event "45th Olympiad Budapest 2024"]
[Site "Budapest"]
[Date "2024.09.13"]
[Round "3"]
[Board "3"]
[White "Balajayeva, Khanim"]
[Black "Borda Rodas, Anapaola S."]
[Result "1/2-1/2"]
[WhiteElo "2384"]
[BlackElo "2216"]
[PlyCount "104"]
[EventDate "2024.09.11"]
[EventType "team-tourn"]
[EventRounds "11"]
[EventCountry "HUN"]
[WhiteTeam "Azerbaijan"]
[BlackTeam "Argentina"]
[WhiteTeamCountry "AZE"]
[BlackTeamCountry "ARG"]

1. e4 {[%emt 0:00:03]} e5 {[%emt 0:00:13]} 2. Nf3 {[%emt 0:00:08]} Nc6 {[%emt 0:00:08]} 3. Bb5 {[%emt 0:00:07]} g6 {[%emt 0:00:55]} 4. c3 {[%emt 0:01:24]} a6 {[%emt 0:00:35]} 5. Bxc6 {[%emt 0:04:56]} dxc6 {[%emt 0:01:01]} 6. Nxe5 {[%emt 0:03:30]} Qg5 {[%emt 0:01:38]} 7. d4 {[%emt 0:12:46]} Qxg2 {[%emt 0:02:53]} 8. Qf3 {[%emt 0:00:07]} Qxf3 {[%emt 0:00:42]} 9. Nxf3 {[%emt 0:00:02]} Nf6 {[%emt 0:00:32]} ({RR} 9... Bg7 10. Bf4 Bg4 11. Ne5 Be6 12. Nd2 Nf6 13. f3 O-O-O 14. O-O-O Nd7 15. Nec4 Rhe8 16. Rhg1 Bxc4 17. Nxc4 Nf8 18. h4 Ne6 19. Be3 h5 20. Kc2 Bf6 21. Rh1 b6 22. Rdf1 Kb7 23. e5 Be7 24. f4 {½-½ Navia,E (2053)-Slade,T (2109) Titled Tue 9th Jul Early 2024 (4)}) 10. Nbd2 {[%emt 0:02:59]} Bd7 $146 {[%emt 0:08:53]} ({RR} 10... c5 11. O-O cxd4 12. Nxd4 Bg7 13. Re1 O-O 14. Nf1 Re8 15. f3 Nd7 16. Kg2 f5 17. Bf4 fxe4 18. Bxc7 b5 19. Nd2 exf3+ 20. N2xf3 Bb7 21. Ne6 Bf6 22. Rad1 Nf8 23. Nc5 Rxe1 24. Rxe1 Bd5 25. Kg3 {½-½ Kecskemeti,A (2297)-Saksham,R (2064) Paracin Summer op-A 11th 2018 (4)}) ({RR} 10... Bh6 11. e5 Nh5 12. Ne4 Bxc1 13. Rxc1 O-O 14. Kd2 Bg4 15. Nh4 f6 16. Rhg1 Bh3 17. Rce1 fxe5 18. dxe5 Rae8 19. Nxg6 hxg6 20. Rxg6+ Kh7 21. Rg5 Kh6 22. Reg1 Bf5 23. Rxh5+ Kxh5 24. Nf6+ Rxf6 25. exf6 {0-1 Hubert,S-Ballon,G (2285) Dornbirn op 1990}) ({RR} 10... Bg4 11. Ne5 Be6 12. f3 Nh5 13. Nd3 O-O-O 14. Nb3 Bd6 15. Nf2 b6 16. Bd2 a5 17. Ng4 Rde8 18. Ne3 Bf4 19. Nc1 Bh3 20. Kf2 Bg5 21. Ne2 Bh4+ 22. Kg1 Rhg8 23. Ng2 Bd8 24. Ngf4 Nxf4 25. Nxf4 {0-1 Sydykov,B (1655)-Huesmann,T (2193) Krefeld op 2022 (8)}) 11. O-O {[%emt 0:06:00]} O-O-O {[%emt 0:01:26]} 12. Re1 {[%emt 0:00:46]} h6 {[%emt 0:04:51]} 13. Nf1 {[%emt 0:02:58]} Nh5 {[%emt 0:13:11]} 14. Ng3 {[%emt 0:04:54]} Nxg3 {[%emt 0:01:01]} 15. hxg3 {[%emt 0:00:16]} Bg7 {[%emt 0:00:16]} 16. Be3 {[%emt 0:07:01]} Rde8 {[%emt 0:02:01]} 17. Nd2 {[%emt 0:03:09]} h5 {[%emt 0:15:46]} 18. Kg2 {[%emt 0:00:47]} h4 {[%emt 0:03:42]} 19. gxh4 {[%emt 0:01:14]} Rxh4 {[%emt 0:00:14]} 20. Rh1 {[%emt 0:05:43]} Rg4+ {[%emt 0:07:07]} 21. Kf1 {[%emt 0:01:24]} Rh8 {[%emt 0:09:24]} 22. Rxh8+ {[%emt 0:01:42]} Bxh8 {[%emt 0:00:06]} 23. f3 {[%emt 0:00:10]} Rh4 {[%emt 0:02:16]} 24. Kg2 {[%emt 0:00:10]} Be6 {[%emt 0:04:14]} 25. a3 {[%emt 0:00:25]} Bf6 {[%emt 0:00:19]} 26. Rh1 {[%emt 0:03:45]} Rxh1 {[%emt 0:01:05]} 27. Kxh1 {[%emt 0:00:02]} a5 {[%emt 0:01:03]} 28. Kg2 {[%emt 0:01:01]} Be7 {[%emt 0:02:54]} 29. Kg3 {[%emt 0:02:19]} b6 {[%emt 0:04:22]} 30. Kf2 {[%emt 0:01:46]} Bh4+ {[%emt 0:00:41]} 31. Ke2 {[%emt 0:01:03]} Be7 {[%emt 0:04:38]} 32. Kd3 {[%emt 0:02:14]} g5 {[%emt 0:00:37]} 33. Nf1 {[%emt 0:01:20]} f5 {[%emt 0:01:19]} 34. exf5 {[%emt 0:00:54]} Bxf5+ {[%emt 0:00:05]} 35. Ke2 {[%emt 0:00:10]} g4 {[%emt 0:01:34]} 36. fxg4 {[%emt 0:00:44]} Bxg4+ {[%emt 0:00:05]} 37. Kd2 {[%emt 0:00:33]} Bd6 {[%emt 0:01:00]} 38. Bf2 {[%emt 0:00:44]} Bf4+ {[%emt 0:00:29]} 39. Be3 {[%emt 0:00:13]} Bd6 {[%emt 0:00:21]} 40. Bf2 {[%emt 0:00:06]} Be6 {[%emt 0:00:38]} 41. Bg3 {[%emt 0:00:25]} Be7 {[%emt 0:00:21]} 42. Bf2 {[%emt 0:01:01]} Bh3 {[%emt 0:01:28]} 43. Ng3 {[%emt 0:00:24]} Bg5+ {[%emt 0:00:50]} 44. Be3 {[%emt 0:00:27]} Be7 {[%emt 0:00:27]} 45. Ne2 {[%emt 0:00:47]} Bf5 {[%emt 0:01:20]} 46. Nf4 {[%emt 0:01:05]} Bf6 {[%emt 0:00:35]} 47. Nd3 {[%emt 0:00:12]} Kd7 {[%emt 0:01:36]} 48. Bf4 {[%emt 0:00:08]} Be4 {[%emt 0:01:42]} 49. Ne5+ {[%emt 0:00:24]} Kc8 {[%emt 0:09:15]} 50. Nd3 {[%emt 0:01:07]} Kd7 {[%emt 0:00:47]} 51. Ne5+ {[%emt 0:00:11]} Kc8 {[%emt 0:00:18]} 52. Nd3 {[%emt 0:00:09]} Kd7 {[%emt 0:01:37]} 1/2-1/2